000 01014nam0a2200325 i 4500
001 RU\NLR\BIBL_A\011090783
005 20240727010630.0
010 _a9785904977672
_9100
021 _aRU
_b2016-20458
_91297
035 _a(NILC)RuMoRGB-008246588
035 _a(NLR Aleph) 011090783
090 _a11366274
_c11366274
100 _a20160329d2015 u y0rusy50 ca
101 0 _arus
102 _aRU
105 _aa|||z||||||z|
200 1 _aКазачья моя сторона
_fИрина Терновая
_g[худож.: Цапкин А.Б.]
210 _aОрёл
_cГоризонт
_d2015
215 _a73 с.
_cил.
_d21
686 2 _aШ6(2=Р)8-440.4
700 1 _aТерновая
_bИ. А.
_gИрина Анатольевна
702 1 _aЦапкин
_bА. Б.
_4040
801 0 _aRU
_bРГБ
_c20160316
_gRCR
801 2 _aRU
_bРГБ
_c20160317
_grcr
801 1 _aRU
_bРГБ
_c20160316
_2rusmarc
942 _cBOOK
980 _aNBR